Geografia - wiedza ogólna #1 - Statystyki

Ogólne statystyki
  • Ten quiz został rozwiązany 2 736 razy
    2 461 od ostatniego zresetowania
  • Średni wynik to 9 z 20
Statystyki odpowiedzi
Pytanie Odpowedź % Poprawnych
Jaka jest największa pustynia w Afryce? Sahara
89%
Jak nazywa się najwyższa góra w Afryce? Kilimandżaro
76%
Jakie państwo graniczy tylko z Chinami i Rosją? Mongolia
74%
Jaka znana forma tańca powstała w Argentynie i Urugwaju? Tango
73%
Jaka nazywa się najwyższa góra Japonii? Fudżi
71%
Jak nazywa się morze, z którym graniczy rosyjskie miasto Soczi? Morze {Czarne}
64%
Jaka nazywa się wyspa, na której leży Dominikana i Haiti? Haiti
57%
Jak nazywa się największe jezioro w Szkocji pod względem powierzchni? Loch Ness
49%
Jaka jest najbardziej wysunięta na południe stolica państwa? Wellington
47%
Jaki region Włoch ma stolicę we Florencji? Toskania
38%
Jakie jest narodowe zwierzę w Stanach Zjednoczonych? (Wskazówka: jest specyficzne) {Bielik} amerykański
34%
Jakie jest duże miasto w Indiach znajduje się około 60 km od Bangladeszu? Kolkata
34%
Jak nazywa się niderlandzkojęzyczny region Belgii? Flandria
32%
Jak nazywa się najwyższy wodospad na świecie? Salto Angel
28%
Na jakiej wyspie żyły ptaki dodo (przed wyginięciem)? Mauritius
27%
Jakie państwo zamieszkuje największa liczba chrześcijan koptyjskich? Egipt
25%
Jakiego państwa narodowego związku rugby jest znana jako Springboks? Republika Południowej Afryki
25%
Jak nazywa się półwysep, na którym leży Cabo San Lucas? Półwysep {kalifornijski}
21%
Jakie jest jedyne miasto "siostrzane" Rzymu? Paryż
17%
Jak nazywa się część Morza Śródziemnego nazwana od greckiego określenia Etrusków? Morze {Tyrreńskie}
15%
Nie znaleziono quizów pasujących do podanych kryteriów
Rozkład punktacji
Procent ludzi z każdym wynikiem
Percentyl według liczby udzielonych odpowiedzi
Twoja historia wyników
Nie rozwiązałeś tego quizu od ostatniego zresetowania